000 00540nam a22001937a 4500
001 T027600002664
008 181111b xve|||||r|||| 00| | esp d
020 _a956-278-008-2
099 _a1
_bB8495
100 _aBriceño L, Pedro.
245 _aAdministración y dirección de proyectos. Un enfoque integrado.
260 _a1996
300 _a247
500 _a
650 _aDesarrollo de proyectos.
650 _aIngeniería conceptual de proyectos.
650 _aAdministración del financiamiento de proyectos.
942 _cLIB
999 _c3817
_d3817